Katseye - Finish The Lyrics - Statistics

General Stats
  • This quiz has been taken 539 times
  • The average score is 6 of 8
Answer Stats
Hint Answer % Correct
"They could describe everything with one ______ ____" single word
99%
"Haven't you heard I'm the ________ ____?" internet girl
93%
"Love me once the naughty turns to ____" nice
80%
"You always knew it, the starring role, the _____ __________" main attraction
75%
"And the moon makes you seem _______ ________" close tonight
73%
"Play _______, but you know it's karma" pretend
61%
"God bless the queen girls that turn the _____ ______ girls" other cheek
55%
"I'm not the perfect example of someone ready __ ______" to handle
54%
No matching quizzes found
Score Distribution
Percent of People with Each Score
Percentile by Number Answered
Your Score History
You have not taken this quiz